000 00682cam a2200253 4500
999 _c7152
_d7152
001 7152
003 BD-JhCC
005 20180224173913.0
008 711021s1950 nyua 000 0 eng
035 _a(BD-JhCC) 7152
035 _a(OCoLC)166055
040 _aDLC
_cOTifH
_dOCoLC
_dDLC
041 _aeng
050 0 0 _aPZ7.A2177
_bPo
082 _a383
_bADA 1950
100 1 _aAdams, Samuel Hopkins,
245 1 4 _aThe pony express /
_c Samuel Hopkins Adams, illustrated by Lee J. Ames.
260 _aNew York,
_bRandom House
_c[c1950]
300 _a185 p.
_bcol. illus.
_c22 cm.
490 0 _aLandmark books [7]
650 _aPony express
942 _2ddc
_cBK